Queens Park Rangers Squad 2024-2025 - Statistics

General Stats
  • This quiz has been taken 29 times
  • The average score is 21 of 30
Answer Stats
# Position Nation Player % Correct
10 MF Morocco Ilias Chair
92%
14 FW Japan Kōki Saitō
92%
12 FW Switzerland Michael Frey
92%
3 DF Ireland Jimmy Dunne
88%
- Coach Spain Martí Cifuentes
83%
1 GK France Paul Nardi
83%
5 DF England Steve Cook
83%
22 DF Suriname Kenneth Paal
79%
11 FW Northern Ireland Paul Smyth
79%
18 FW Slovenia Žan Celar
79%
40 MF Martinique Jonathan Varane
75%
47 FW South Korea Min-hyeok Yang
75%
24 MF Denmark Nicolas Madsen
75%
17 DF England Ronnie Edwards
75%
8 MF England Sam Field
75%
13 GK England Joe Walsh
71%
7 MF England Karamoko Dembélé
71%
26 FW Algeria Rayan Kolli
71%
27 FW Australia Daniel Bennie
67%
6 DF England Jake Clarke-Salter
67%
21 MF England Kieran Morgan
67%
16 DF Scotland Liam Morrison
67%
4 MF England Jack Colback
63%
25 MF Denmark Lucas Andersen
58%
28 FW England Alfie Lloyd
54%
20 DF Scotland Harrison Ashby
54%
15 DF Wales Morgan Fox
54%
23 DF Brazil Hevertton
42%
19 MF England Elijah Dixon-Bonner
33%
41 GK Wales Nathan Shepperd
25%
No matching quizzes found
Score Distribution
Percent of People with Each Score
Percentile by Number Answered
Your Score History
You have not taken this quiz